000 00641nam a2200205Ia 4500
008 131103s9999 xx 000 0 und d
020 _a81-7033-688-0
_cRs. 600
040 _aLoreto College
041 _aEnglish
082 _a301.36(307.76),
_bSHA
245 _aIssues in urban development
_b A case of Navi Mumbai
_cEdited by R.N. Sharma and K. Sita
260 _aJaipur and Delhi
_bRawat Publications
_c2001
300 _a336p, maps, charts,tables 22.5cm.
504 _aIncludes index
630 _aMumbai,Urban Development
650 _aUrbanization
651 _aUrban Development
700 _aSharma, R.N., ed.
942 _cBK
999 _c2154
_d52633